000 00569nam a22001817a 4500
999 _c157619
_d157619
005 20180922113620.0
010 _aENG-124022
020 _a9788183822657
_c125.00
035 _aEN-107554
037 _bDBAD/PUB
082 _a485.076
100 _aChandna, Rajat
245 _aTeach yourself english grammar & composition /
_cby Rajat Chandna
260 _aNew Delhi
_bLotus Press
_c2012
270 _a4735/22, Prakash Deep Building, Ansari Road, Darya Ganj,
_bNew Delhi
_e110002
300 _a231 p.
_c21cm.(pbk)
942 _2ddc
_cEN
_mCHA
_h485.076